|
|
|
|
| LEADER |
00667nta a2200193 i 4500 |
| 001 |
dipl117804 |
| 005 |
20210818062824.0 |
| 008 |
210818s2004 hu om 0|| hun d |
| 040 |
|
|
|a SZTE Diploma Repozitórium
|b hun
|
| 041 |
|
|
|a hun
|
| 100 |
1 |
|
|a Kiss Tamás
|
| 245 |
1 |
2 |
|a A környezetvédelemre nevelés
|h [elektronikus dokumentum] /
|c Tamás Kiss
|
| 260 |
|
|
|c 2004
|
| 650 |
|
4 |
|a Pedagógusképzés
|
| 650 |
|
4 |
|a Social sciences
|
| 650 |
|
4 |
|a Educational sciences
|
| 650 |
|
4 |
|a Education, general (including training, pedagogy, didactics)
|
| 700 |
1 |
|
|a Janowszky Sándor
|e ths
|
| 856 |
4 |
0 |
|u http://diploma.bibl.u-szeged.hu/id/eprint/117804/1/2004_kiss_tamas.pdf
|z Dokumentum-elérés
|